Úroveň úmrtnosti na Slovensku a v Česku v európskom pohľade

Analýza vývoja a postavenia Českej a Slovenskej republiky z pohľadu úmrtnosti v európskom priestore. Identifikácia hlavných podobností a rozdielov s demograficky vyspelými krajinami a porovnanie ich intenzity úmrtnosti z pohľadu veku, pohlavia a vybraných príčin smrti.

Salvato in:
Dettagli Bibliografici
Autore principale: Šprocha, Branislav
Altri autori: Šídlo, Luděk, Burcin, Boris
Natura: Capitolo di libro
Lingua:slovacco
Soggetti:
Tags: Aggiungi Tag
Nessun Tag, puoi essere il primo ad aggiungerne!!

MARC

LEADER 00000naa a2200000 4500
001 0203938
005 20231208101724.4
041 0 |a slo 
044 |a SK 
245 1 0 |a Úroveň úmrtnosti na Slovensku a v Česku v európskom pohľade  |c Branislav Šprocha, Luděk Šídlo, Boris Burcin 
520 |a Analýza vývoja a postavenia Českej a Slovenskej republiky z pohľadu úmrtnosti v európskom priestore. Identifikácia hlavných podobností a rozdielov s demograficky vyspelými krajinami a porovnanie ich intenzity úmrtnosti z pohľadu veku, pohlavia a vybraných príčin smrti. 
610 2 0 |a úmrtnosť 
610 2 0 |a vek 
610 2 0 |a Slovensko 
610 2 0 |a Česko 
610 2 0 |a Európa 
100 1 |a Šprocha, Branislav 
700 1 |a Šídlo, Luděk 
700 1 |a Burcin, Boris